Quiz dos estados brasileiros - Santa Catarina - Statistics

Estatísticas Gerais
  • Esse quiz foi jogado 411 vezes
    404 desde o último reset
  • A pontuação média é 14 de 25
Estatísticas das Respostas
Dica Resposta % Correto
Capital Florianópolis
100%
3 cidades mais populosas Florianópolis
100%
3 cidades mais populosas Joinville
92%
Cidade turística que possui 5 dos 10 mais altos arranha-céus do Brasil Balneário Camboriú
90%
Maior parque temático da América Latina Beto Carrero World
82%
Time local vítima de trágico acidente aereo na Colômbia Chapecoense
82%
3 cidades mais populosas Blumenau
77%
Juntamente com o RS, são os únicos estados brasileiros a ter regularmente esse fenômeno meteorológico neve
72%
Festa típica que ocorre em outubro Oktoberfest
71%
Principal tenista do Brasil Gustavo Kuerten
69%
Gentílico além de catarinense barriga-verde
68%
Revolucionária e esposa de Giuseppe Garibaldi Anita Garibaldi
67%
O estado é líder nacional na produção desse tipo de carne Suína
66%
O nome da capital do estado foi alterado em homenagem a este presidente após a sua vitória na revolta federalista Floriano Peixoto
65%
Rio famoso por causar grandes alagamentos Itajaí-açú
53%
Arquipélago português que colonizou o litoral catarinense Açores
46%
Antigo nome da capital Desterro
41%
Conflito armado entre o governo e posseiros liderados por líderes religiosos Contestado
34%
República independente de curta duração que teve como capital Laguna República Juliana
30%
Freira italiana que emigrou para o estado e recebeu o título de santa. Santa Paulina
27%
Único presidente catarinense Nereu Ramos
26%
O estado é líder nacional na produção desses produtos agrícolas Maçã
25%
Poeta simbolista catarinense Cruz e Sousa
17%
O estado é líder nacional na produção desses produtos agrícolas Cebola
12%
Familia de velejadores Schürmann
10%
Nenhum quiz correspondente encontrado
Distribuição das Pontuações
Porcentagem de Pessoas com Cada Pontuação
Percentil de Números Respondidos
Sua Pontuação Histórica
Você não jogou esse quiz desde o último reset